[Event "OMA-ch 11th"]
[Site "Muscat"]
[Date "2024.01.31"]
[Round "9"]
[White "Al Kathiri, Mana"]
[Black "Fadhil, Salim Ahmed"]
[Result "1-0"]
[WhiteElo "1711"]
[BlackElo "1483"]
[PlyCount "48"]
[EventDate "2024.01.24"]
[EventType "swiss"]
[EventRounds "9"]
[EventCountry "OMN"]
[SourceTitle "CB06_2024"]
[SourceDate "2024.02.07"]
[SourceVersion "1"]
[SourceVersionDate "2024.02.07"]
[SourceQuality "1"]

1. d4 Nf6 2. Nc3 d5 3. Bf4 e6 4. Nf3 c5 5. e3 Nh5 6. Bxb8 Rxb8 7. Bb5+ Bd7 8. Bxd7+ Qxd7 9. Ne5 Qc7 10. Qxh5 cxd4 11. exd4 Bb4 12. 0-0 Bxc3 13. bxc3 0-0 14. Rad1 Qxc3 15. Nd7 Qxc2 16. Rc1 Qb2 17. Nxb8 Rxb8 18. Qe5 Re8 19. Rc7 a5 20. h4 b5 21. h5 h6 22. g4 b4 23. g5 Qd2 24. g6 f6 1-0

[Event "OMA-ch 10th"]
[Site "Muscat"]
[Date "2023.02.21"]
[Round "7"]
[White "Al Mashli, Thabit"]
[Black "Fadhil, Salim Ahmed"]
[Result "0-1"]
[WhiteElo "1692"]
[BlackElo "1494"]
[PlyCount "124"]
[EventDate "2023.02.16"]
[EventType "swiss"]
[EventRounds "9"]
[EventCountry "OMN"]
[SourceTitle "EXT 2024"]
[Source "ChessBase"]
[SourceDate "2023.10.10"]
[SourceVersion "1"]
[SourceVersionDate "2023.10.10"]
[SourceQuality "1"]

1. e4 c5 2. Nf3 g6 3. d4 Bg7 4. d5 d6 5. c4 Nf6 6. Nc3 0-0 7. Be2 Bg4 8. 0-0 Bxf3 9. Bxf3 Nbd7 10. g3 Ne5 11. Be2 Qc8 12. Kg2 h5 13. Bg5 Re8 14. Qd2 Nh7 15. Be3 e6 16. f4 Ng4 17. Bxg4 hxg4 18. dxe6 Qxe6 19. Nd5 Qxe4+ 20. Kg1 Rac8 21. Rac1 Nf6 22. Bf2 Nxd5 23. Rfe1 Qf5 24. Qxd5 Qxd5 25. cxd5 b5 26. b3 a5 27. Kf1 a4 28. bxa4 b4 29. Re2 Rxe2 30. Kxe2 Ra8 31. Kd3 Rxa4 32. Rc2 Kf8 33. Kc4 Ke7 34. Kb5 Ra3 35. Kc6 Ra6+ 36. Kb7 Ra3 37. Kc6 Bf8 38. Kc7 Rd3 39. Kc6 Kf6 40. Be1 Kf5 41. Re2 Kf6 42. Re4 Ra3 43. Re2 Ra7 44. Bf2 Re7 45. Rc2 Re4 46. Kb5 Ke7 47. Kc6 Kf6 48. Kb5 g5 49. fxg5+ Kxg5 50. Bg1 Re1 51. Bf2 Re5 52. Kc6 Kf5 53. Rc4 Re4 54. Rc2 Ke5 55. Bg1 Bh6 56. Bf2 Be3 57. Re2 Bxf2 58. Rxf2 f5 59. Rd2 c4 60. Rc2 c3 61. a3 Rc4+ 62. Kb5 b3 0-1

[Event "Muscat Design Group op 1st"]
[Site "Muscat"]
[Date "2022.03.24"]
[Round "2"]
[White "Srivishva, Barath Ragavesh"]
[Black "Fadhil, Salim Ahmed"]
[Result "0-1"]
[WhiteElo "1003"]
[BlackElo "1527"]
[PlyCount "86"]
[EventDate "2022.03.23"]
[EventType "swiss"]
[EventRounds "7"]
[EventCountry "OMN"]
[SourceTitle "EXT 2023"]
[Source "ChessBase"]
[SourceDate "2022.10.05"]
[SourceVersion "1"]
[SourceVersionDate "2022.10.05"]
[SourceQuality "1"]

1. b3 e5 2. Bb2 Nc6 3. e3 a6 4. g3 d5 5. Bg2 Bf5 6. Nf3 Bd6 7. Nc3 Nf6 8. 0-0 Qd7 9. d3 Bg4 10. e4 d4 11. Ne2 Nd8 12. Nd2 Bh3 13. f4 Bxg2 14. Kxg2 Ng4 15. Nc4 b5 16. Nxd6+ cxd6 17. Bc1 Nc6 18. h3 Nf6 19. fxe5 dxe5 20. Bg5 Qd6 21. Qd2 b4 22. Rf5 Ne7 23. Rf3 Nd7 24. g4 f6 25. Bh4 Ng6 26. Bg3 Rc8 27. Rc1 Rc6 28. g5 0-0 29. gxf6 Nxf6 30. Qg5 Rfc8 31. Qd2 a5 32. Rf5 Qc7 33. Nxd4 Nxe4 34. dxe4 Rd6 35. Bxe5 Nxe5 36. Rxe5 Qd8 37. Rd1 Rc3 38. Re6 Rxd4 39. Qxd4 Qg5+ 40. Kf1 Rf3+ 41. Ke1 Re3+ 42. Kd2 Rxe4+ 43. Qe3 Qxe3# 0-1

[Event "World Amateur-ch U2000"]
[Site "Cagliari"]
[Date "2018.04.29"]
[Round "9"]
[White "Fadhil, Salim Ahmed"]
[Black "Santilli, Enrico"]
[Result "0-1"]
[WhiteElo "1720"]
[BlackElo "1879"]
[PlyCount "52"]
[EventDate "2018.04.22"]
[EventType "swiss"]
[EventRounds "9"]
[EventCountry "ITA"]
[SourceTitle "CBM 184 Extra"]
[Source "ChessBase"]
[SourceDate "2018.06.28"]
[SourceVersion "1"]
[SourceVersionDate "2018.06.28"]
[SourceQuality "1"]

1. d4 f5 2. c4 g6 3. g3 Nf6 4. Nf3 Bg7 5. Bg2 d6 6. Nc3 0-0 7. 0-0 c6 8. d5 e5 9. dxe6 Bxe6 10. Nd2 Qe7 11. Re1 Nbd7 12. e4 f4 13. gxf4 Nh5 14. f5 Bf7 15. Nf3 Ne5 16. Ng5 Bxc4 17. b3 Ba6 18. Ne6 Nd3 19. Bg5 Qf7 20. Nxg7 Qxg7 21. Qd2 gxf5 22. Bh6 Qg6 23. Re3 f4 24. Bxf8 fxe3 25. fxe3 Rxf8 26. Ne2 Rf2 0-1

[Event "World Amateur-ch U2000"]
[Site "Cagliari"]
[Date "2018.04.27"]
[Round "7"]
[White "Celis Vargas, Walter Enrique"]
[Black "Fadhil, Salim Ahmed"]
[Result "0-1"]
[WhiteElo "1695"]
[BlackElo "1720"]
[PlyCount "138"]
[EventDate "2018.04.22"]
[EventType "swiss"]
[EventRounds "9"]
[EventCountry "ITA"]
[SourceTitle "CBM 184 Extra"]
[Source "ChessBase"]
[SourceDate "2018.06.28"]
[SourceVersion "1"]
[SourceVersionDate "2018.06.28"]
[SourceQuality "1"]

1. e4 e5 2. Nf3 Nc6 3. Bb5 a6 4. Ba4 Nf6 5. 0-0 d6 6. Re1 b5 7. Bb3 Bg4 8. c3 Be7 9. d3 0-0 10. Nbd2 h6 11. Nf1 b4 12. h3 Bh5 13. Ng3 Bg6 14. Nh4 Kh7 15. Nhf5 bxc3 16. bxc3 Na5 17. Bc2 c5 18. Be3 Nc6 19. Qc1 Ng8 20. Rb1 Bg5 21. Bxg5 hxg5 22. Bd1 f6 23. Bh5 Bxh5 24. Nxg7 Kxg7 25. Nxh5+ Kg6 26. Qd1 Rf7 27. Ng3 Rh7 28. Re2 Rb8 29. Reb2 Rh4 30. Rxb8 Nxb8 31. Qb3 Nc6 32. Qb7 Qe8 33. Qxa6 Rh7 34. Rb2 Ra7 35. Qc4 Qf7 36. Qb5 Nge7 37. c4 Nb4 38. Qb8 Rd7 39. Rd2 Nec6 40. Qh8 Rd8 41. Qh5+ Kg7 42. Qg4 Ra8 43. h4 Kf8 44. h5 Nxa2 45. Nf5 Qe6 46. Qh3 Nab4 47. g4 Nd4 48. Ne3 Ra1+ 49. Kg2 Ra3 50. h6 Kg8 51. Qh5 Kh7 52. Rb2 Qg8 53. Nd5 Qg6 54. Qh2 Qxh6 55. Nxf6+ Kg6 56. Nh5 Nxd3 57. Rb6 Kf7 58. Rb7+ Kf8 59. Rb8+ Ke7 60. Rb7+ Kd8 61. Rf7 Nf4+ 62. Rxf4 exf4 63. Qg1 f3+ 64. Kh3 Ne6 65. Qb1 Kc7 66. Qb2 Ra8 67. Kg3 Nd4 68. Qd2 Ra1 69. Qb2 Rg1+ 0-1

[Event "World Amateur-ch U2000"]
[Site "Cagliari"]
[Date "2018.04.24"]
[Round "4"]
[White "Colombrini, Adolfo"]
[Black "Fadhil, Salim Ahmed"]
[Result "0-1"]
[WhiteElo "1754"]
[BlackElo "1720"]
[PlyCount "50"]
[EventDate "2018.04.22"]
[EventType "swiss"]
[EventRounds "9"]
[EventCountry "ITA"]
[SourceTitle "CBM 184 Extra"]
[Source "ChessBase"]
[SourceDate "2018.06.28"]
[SourceVersion "1"]
[SourceVersionDate "2018.06.28"]
[SourceQuality "1"]

1. e4 e5 2. Nf3 Nc6 3. Bc4 Bc5 4. Nc3 Nd4 5. 0-0 Nxf3+ 6. Qxf3 Nf6 7. d3 d6 8. h3 Be6 9. Nd5 Nxd5 10. exd5 Bd7 11. Be3 Bxe3 12. fxe3 0-0 13. Rae1 a5 14. d4 Qe7 15. Bd3 f5 16. e4 f4 17. dxe5 dxe5 18. a4 Rf6 19. b3 Rg6 20. Bc4 Kh8 21. Kh2 Rg3 22. Qh5 Rg5 23. Qe2 Qf6 24. Rf3 Qh6 25. Kg1 Bxh3 0-1

[Event "World Amateur-ch U2000"]
[Site "Cagliari"]
[Date "2018.04.22"]
[Round "1"]
[White "Fadhil, Salim Ahmed"]
[Black "Gibbs, Dominic V"]
[Result "0-1"]
[WhiteElo "1720"]
[BlackElo "1880"]
[PlyCount "104"]
[EventDate "2018.04.22"]
[EventType "swiss"]
[EventRounds "9"]
[EventCountry "ITA"]
[SourceTitle "CBM 184 Extra"]
[Source "ChessBase"]
[SourceDate "2018.06.28"]
[SourceVersion "1"]
[SourceVersionDate "2018.06.28"]
[SourceQuality "1"]

1. e4 g6 2. d4 Bg7 3. Nf3 d6 4. h3 Nf6 5. Bd3 0-0 6. 0-0 Nc6 7. c3 e5 8. d5 Ne7 9. Nbd2 Ne8 10. c4 f5 11. Qc2 f4 12. Rb1 Bf6 13. Nh2 h5 14. f3 Bh4 15. Nb3 b6 16. Bd2 g5 17. Be1 Ng6 18. a4 a5 19. Bxh4 Nxh4 20. Qf2 Rf7 21. Nc1 Bd7 22. b3 Rg7 23. Be2 Qf6 24. Na2 Qh6 25. Nc3 Nf6 26. Nb5 Rc8 27. Nxc7 Rxc7 28. Qxb6 Ne8 29. Qxa5 g4 30. fxg4 hxg4 31. Bxg4 Qg6 32. Rb2 Qxe4 33. Qe1 Qh7 34. Bxd7 Rcxd7 35. Rxf4 Ng6 36. Rf3 Rdf7 37. a5 Nf4 38. Ng4 Nd3 39. Nh6+ Kf8 40. Rxd3 Qxh6 41. a6 Ra7 42. Rf3+ Kg8 43. Qf2 Rge7 44. Ra2 e4 45. Rg3+ Ng7 46. Ra1 e3 47. Qe2 Qf4 48. Rf3 Qd4 49. Rff1 Nf5 50. Qg4+ Qxg4 51. hxg4 Nd4 52. b4 Ne2+ 0-1